000 00485nam a22001817a 4500
005 20230118122730.0
008 210301b ||||| |||| 00| 0 eng d
020 _a9789387506725
041 _aeng
082 _a615.19 ALL-P
100 _aALLEN LOYD V
_96455
245 _aANSEL'S PHARMACEUTICAL DOGA FORM AND DRUGE DELIVERY SYSTEMS
250 _a11'TH
260 _aINDIA
_bWOLTERS KLUEER
_c2018
300 _a630
650 _aPHARMACY
_xB.PHARMA & D.PHARMA
_97472
942 _cBK
999 _c7498
_d7496